Leaders of Japan Since 1900 - Statistics

General Stats
  • This quiz has been taken 31 times
    10 since last reset
  • The average score is 27 of 55
Answer Stats
Answer % Correct
Abe Shinzo
100%
Showa Emperor
86%
Takaichi Sanae
71%
Aso Taro
57%
Fukuda Takeo
57%
Fukuda Yasuo
57%
Hatoyama Ichiro
57%
Hatoyama Yukio
57%
Hosokawa Morihiro
57%
Ishiba Shigeru
57%
Ito Masayoshi
57%
Kaifu Toshiki
57%
Kan Naoto
57%
Kishida Fumio
57%
Kishi Nobusuke
57%
Nakasone Yasuhiro
57%
Noda Yoshihiko
57%
Obuchi Keizo
57%
Reiwa Emperor
57%
Sato Eisaku
57%
Suga Yoshihide
57%
Yoshida Shigeru
57%
Hamaguchi Osachi
43%
Hara Takashi
43%
Hashimoto Ryutaro
43%
Hata Tsutomu
43%
Heisei Emperor
43%
Ikeda Hayato
43%
Inukai Tsuyoshi
43%
Ishibashi Tanzan
43%
Kato Takaaki
43%
Kato Tomosaburo
43%
Kiyoura Keigo
43%
Koizumi Junichiro
43%
Meiji Emperor
43%
Miki Takeo
43%
Miyazawa Kiichi
43%
Mori Yoshiro
43%
Murayama Tomiichi
43%
Ohira Masayoshi
43%
Okuma Shigenobu
43%
Shidehara Kijuro
43%
Suzuki Zenko
43%
Taisho Emperor
43%
Takahashi Korekiyo
43%
Takeshita Noboru
43%
Tanaka Giichi
43%
Tanaka Kakuei
43%
Terauchi Masatake
43%
Uno Sosuke
43%
Wakatsuki Reijiro
43%
Yamamoto Gonnohyoe
43%
Douglas MacArthur
29%
Matthew Ridgway
29%
Uchida Kosai
29%
No matching quizzes found
Score Distribution
Percent of People with Each Score
Percentile by Number Answered
Your Score History
You have not taken this quiz since the last reset